[Event "Tema Nederland Intern"]
[Site "SchemingMind.com"]
[Date "2005.05.09"]
[Round "-"]
[White "Vincefromede"]
[Black "Erhaem"]
[Result "0-1"]
[WhiteCountry "NED"]
[BlackCountry "NED"]
[WhiteElo "1453"]
[WhiteRD "121"]
[BlackElo "1922"]
[BlackRD "85"]
[GameID "14922"]

1. e4 c5 2. d4 e6 3. c3 cxd4 4. cxd4 Nf6 5. Bd3 Bb4+ 6. Nc3 Nc6 7. Nf3 d5 8. e5 Ne4 9. Bxe4 dxe4 10. Nd2 Qxd4
11. Nb5 Qxe5 12. Nc3 Bxc3 13. bxc3 Qxc3
0-1

[Event "Tema Nederland Intern"]
[Site "SchemingMind.com"]
[Date "2005.05.09"]
[Round "-"]
[White "Erhaem"]
[Black "Vincefromede"]
[Result "1-0"]
[WhiteCountry "NED"]
[BlackCountry "NED"]
[WhiteElo "1922"]
[WhiteRD "85"]
[BlackElo "1453"]
[BlackRD "121"]
[GameID "14923"]

1. d4 d5 2. Nf3 Nf6 3. g3 Nc6 4. Bg2 Bf5 5. O-O Qd7 6. Ne5 Nxe5 7. dxe5 Ng4 8. h3 Nxe5 9. g4 Be6 10. f4 Nxg4
11. hxg4 Bxg4 12. Qxd5 Qxd5 13. Bxd5
1-0

[Event "Tema Nederland Intern"]
[Site "SchemingMind.com"]
[Date "2005.05.09"]
[Round "-"]
[White "meijster"]
[Black "Vincefromede"]
[Result "1-0"]
[WhiteCountry "NED"]
[BlackCountry "NED"]
[WhiteElo "1836"]
[WhiteRD "86"]
[BlackElo "1453"]
[BlackRD "121"]
[GameID "14975"]

1. e4 e6 2. d4 d5 3. Nd2 c5 4. c3 Nc6 5. Ngf3 Qb6 6. exd5 exd5 7. Nb3 c4 8. Nbd2 Nf6 9. b3 Bd6 10. bxc4 dxc4
11. Nxc4 Qc7 12. Nxd6+ Qxd6 13. Bd3 O-O 14. O-O Re8 15. h3 Nd5 16. Qd2 Bd7 17. c4 Ndb4 18. Ba3 a5 19. Rab1 Re7 20. d5
1-0

[Event "Tema Nederland Intern"]
[Site "SchemingMind.com"]
[Date "2005.05.09"]
[Round "-"]
[White "meijster"]
[Black "Erhaem"]
[Result "1/2-1/2"]
[WhiteCountry "NED"]
[BlackCountry "NED"]
[WhiteElo "1794"]
[WhiteRD "92"]
[BlackElo "1922"]
[BlackRD "96"]
[GameID "14976"]

1. e4 c5 2. c3 e6 3. d4 cxd4 4. cxd4 Nf6 5. e5 Nd5 6. Bd3 Nc6 7. Nf3 d6 8. Nc3 dxe5 9. dxe5 Bb4 10. Bd2 Nxc3
11. Bxc3 Bxc3+ 12. bxc3 Qa5 13. O-O Qxc3 14. Rc1 Qa5 15. Qc2 h6 16. Be4 O-O 17. Qb2 Qc7 18. Rc5 Bd7 19. Rfc1 Rfd8 20. a4 a5
21. Nd4 Be8=
1/2-1/2

[Event "Tema Nederland Intern"]
[Site "SchemingMind.com"]
[Date "2005.05.10"]
[Round "-"]
[White "Vincefromede"]
[Black "meijster"]
[Result "0-1"]
[WhiteCountry "NED"]
[BlackCountry "NED"]
[WhiteElo "1493"]
[WhiteRD "130"]
[BlackElo "1794"]
[BlackRD "92"]
[GameID "14977"]

1. e4 e5 2. Nf3 Nc6 3. Bc4 Nf6 4. d3 h6 5. O-O d6 6. Nc3 g6 7. Be3 Na5 8. Bb3 Nxb3 9. axb3 Bg7 10. h3 b6
11. Qd2 Bb7 12. Nb5 a6 13. Nc3 d5 14. Nxe5 d4
0-1

[Event "Tema Nederland Intern"]
[Site "SchemingMind.com"]
[Date "2005.05.09"]
[Round "-"]
[White "Erhaem"]
[Black "meijster"]
[Result "0-1"]
[WhiteCountry "NED"]
[BlackCountry "NED"]
[WhiteElo "1922"]
[WhiteRD "85"]
[BlackElo "1836"]
[BlackRD "86"]
[GameID "14978"]

1. d4 Nf6 2. Nf3 g6 3. b3 Bg7 4. Bb2 O-O 5. c4 b6 6. e3 d6 7. Be2 c5 8. O-O Bb7 9. Nc3 a6 10. dxc5 Ne4
11. Qc2 Nxc3 12. Bxc3 bxc5 13. Bxg7 Kxg7 14. Rad1 Qc8 15. Nh4 Qe6 16. Bf3 Bxf3 17. Nxf3 Nc6 18. a3 f6 19. Rd5 a5 20. Rfd1 a4
21. bxa4 Ra6 22. Rb1 Rfa8 23. h4 Rxa4 24. Rb6 Qd7 25. Qe4 f5 26. Qc2 Rxa3 27. Qb2+ Kg8 28. Qb5 Rc8 29. Rb7 Rc7 30. Rxc7 Ra1+
31. Kh2 Qxc7 32. Ng5 Ra8 33. Qb2 Ne5 34. Ne6 Qb8 35. Qc1 Qb4 36. e4 Qxc4 37. Qxc4 Nxc4 38. exf5 Nb6 39. Rd3 gxf5 40. Rg3+ Kf7
41. Ng5+ Kg7 42. Ne4+ Kh6 43. Ng5 Rf8 44. Rf3 c4 45. Ne6 Rf6 46. Nd4 f4 47. Ra3 e5 48. Nc6 e4 49. Nd4 Kg6 50. Ra7 Rf7
51. Ra6 Rb7 52. Ne2 Kf5 53. Ra5+ d5 54. Rb5 e3 55. fxe3 fxe3 56. Nc3 Na4 57. Rxb7 Nxc3 58. Kg3 d4 59. Kf3 e2 60. g4+ Ke6
0-1

[Event "Tema Nederland Intern"]
[Site "SchemingMind.com"]
[Date "2005.05.11"]
[Round "-"]
[White "Flipje"]
[Black "meijster"]
[Result "0-1"]
[WhiteCountry "NED"]
[BlackCountry "NED"]
[WhiteElo "2022"]
[WhiteRD "107"]
[BlackElo "1794"]
[BlackRD "92"]
[GameID "15124"]

1. Nc3 Nf6 2. e4 e5 3. g3 Bc5 4. Bg2 d6 5. h3 Be6 6. Nd5 c6 7. Nxf6+ Qxf6 8. Qf3 Nd7 9. c3 d5 10. Ne2 O-O
11. Qxf6 Nxf6 12. f4 Nxe4 13. fxe5 Bf2+ 14. Kf1 Bb6 15. d4 f6 16. Bxe4 fxe5+ 17. Kg2 dxe4 18. Be3 Rf3 19. Bf2 Raf8 20. Rhf1 Bd5
21. Ng1 Rd3
0-1

[Event "Tema Nederland Intern"]
[Site "SchemingMind.com"]
[Date "2005.05.11"]
[Round "-"]
[White "Flipje"]
[Black "Vincefromede"]
[Result "1-0"]
[WhiteCountry "NED"]
[BlackCountry "NED"]
[WhiteElo "1989"]
[WhiteRD "110"]
[BlackElo "1441"]
[BlackRD "121"]
[GameID "15125"]

1. Nc3 e6 2. e4 d5 3. g3 Nf6 4. Bg2 c5 5. d3 Nc6 6. f4 c4 7. e5 Nd7 8. dxc4 dxc4 9. Nf3 Bb4 10. Be3 Bxc3+
11. bxc3 O-O 12. O-O f6 13. Qe2 b5 14. a4
1-0

[Event "Tema Nederland Intern"]
[Site "SchemingMind.com"]
[Date "2005.05.11"]
[Round "-"]
[White "Flipje"]
[Black "Erhaem"]
[Result "0-1"]
[WhiteCountry "NED"]
[BlackCountry "NED"]
[WhiteElo "1901"]
[WhiteRD "98"]
[BlackElo "1912"]
[BlackRD "72"]
[GameID "15126"]

1. Nc3 Nf6 2. e4 g6 3. d4 d5 4. e5 Ne4 5. Nxe4 dxe4 6. Bc4 Nc6 7. c3 Na5 8. Bb5+ c6 9. Ba4 f6 10. Qe2 Be6
11. exf6 exf6 12. Qxe4 Qd5 13. Qxd5 Bxd5 14. f3 O-O-O 15. Bf4 Re8+ 16. Kf2 Nc4 17. Rb1 g5 18. Bg3 h5 19. h4 g4 20. Bf4 Rg8
21. Bb3 g3+ 22. Bxg3 Bh6 23. f4 Nd2 24. Bxd5 cxd5 25. Re1 Ne4+ 26. Rxe4 Rxe4 27. Nf3 Bxf4 28. Bxf4 Rxf4 29. Re1 Rfg4 30. g3 Rxg3
31. Ng5 Rg4 32. Nf7 Rxh4 33. Nd6+ Kc7 34. Ne8+ Kd8 35. Nd6 Rh2+ 36. Kf3 h4 37. Nxb7+ Kc7 38. Re7+ Kc6
0-1

[Event "Tema Nederland Intern"]
[Site "SchemingMind.com"]
[Date "2005.05.11"]
[Round "-"]
[White "meijster"]
[Black "Flipje"]
[Result "0-1"]
[WhiteCountry "NED"]
[BlackCountry "NED"]
[WhiteElo "1794"]
[WhiteRD "92"]
[BlackElo "2022"]
[BlackRD "107"]
[GameID "15127"]

1. e4 e5 2. Nf3 Nc6 3. Bc4 Nf6 4. Ng5 Bc5 5. Bxf7+ Ke7 6. Bb3 Rf8 7. d3 d6 8. O-O h6 9. Nf3 Bg4 10. c3 Nh5
11. Nbd2 Nf4 12. Qc2 Qe8 13. Kh1 Qh5 14. d4 Bb6 15. Ng1 exd4 16. Ndf3 Nxg2 17. Nxd4 Nxd4 18. cxd4 Bf3 19. Nxf3 Qxf3 20. Qd1 Qh3
21. Rg1 Rxf2 22. Bc4 Raf8 23. Bf1 Rxf1 24. Rxf1 Nh4 25. Bg5+ hxg5 26. Qe2 Rxf1+ 27. Rxf1 Bxd4 28. Rd1 Be5 29. Rd3 Qe6 30. Rb3 b6
31. Qd3 Qg4 32. Qc2 Nf3 33. Qg2 Qxg2+ 34. Kxg2 g4 35. Ra3 a5 36. h3 Nh4+ 37. Kf2 g3+
0-1

[Event "Tema Nederland Intern"]
[Site "SchemingMind.com"]
[Date "2005.05.11"]
[Round "-"]
[White "Vincefromede"]
[Black "Flipje"]
[Result "0-1"]
[WhiteCountry "NED"]
[BlackCountry "NED"]
[WhiteElo "1441"]
[WhiteRD "121"]
[BlackElo "1989"]
[BlackRD "110"]
[GameID "15128"]

1. e4 e5 2. Nf3 Nc6 3. Bc4 Nf6 4. d3 d5 5. Bxd5 Nxd5 6. exd5 Qxd5 7. O-O Bg4 8. Nc3 Qd7 9. Re1 f6 10. Be3 O-O-O
11. h3 Bh5 12. a4 Bb4 13. Re2 Bxf3 14. gxf3 Qxh3 15. Qf1 Qf5 16. Qg2 h5
0-1

[Event "Tema Nederland Intern"]
[Site "SchemingMind.com"]
[Date "2005.05.15"]
[Round "-"]
[White "Erhaem"]
[Black "Flipje"]
[Result "1-0"]
[WhiteCountry "NED"]
[BlackCountry "NED"]
[WhiteElo "1912"]
[WhiteRD "72"]
[BlackElo "1901"]
[BlackRD "98"]
[GameID "15129"]

1. d4 Nf6 2. Nf3 g6 3. b3 Bg7 4. Bb2 d6 5. g3 O-O 6. Bg2 Nbd7 7. O-O c5 8. c4 cxd4 9. Nxd4 Nc5 10. Nc3 Qb6
11. Qd2 a6 12. Rac1 e5 13. Nc2 Bf5 14. Rfd1 Rfd8 15. Ne3 Be4 16. Ned5 Bxd5 17. Nxd5 Nxd5 18. cxd5 f5 19. Rc4 Qa7 20. Rc2 b5
21. Qg5 e4 22. Ba3 Qb6 23. Bxc5 dxc5 24. g4 Bf6 25. Qf4 Re8 26. gxf5 Be5 27. Qg4 Qd6 28. fxg6 Bxh2+ 29. Kh1 hxg6 30. Bxe4 Kg7
31. Bxg6 Rh8 32. Bh5+ Kh6 33. Bf7 Raf8 34. Rc3
1-0

[Event "Tema Nederland Intern"]
[Site "SchemingMind.com"]
[Date "2005.05.13"]
[Round "-"]
[White "pcmvr"]
[Black "Flipje"]
[Result "1-0"]
[WhiteCountry "NED"]
[BlackCountry "NED"]
[WhiteElo "2029"]
[WhiteRD "81"]
[BlackElo "1901"]
[BlackRD "98"]
[GameID "15323"]

1. b4 e5 2. Bb2 Bxb4 3. f4 d6 4. fxe5 dxe5 5. Bxe5 Nf6 6. e3 Nc6 7. Bb5 Bd7 8. Bb2 O-O 9. Nf3 Ne4 10. O-O Qe7
11. Qe2 Rae8 12. Bxc6 Bxc6 13. d3 Nd6 14. Ne5 Bd7 15. Nxd7 Qxd7 16. Rf4 Bc5 17. d4 Bb6 18. c4 Nf5 19. Qg4 g6 20. c5 Qb5
21. Bc1 Nxe3 22. Bxe3 Rxe3 23. Nd2 Ba5 24. Nf3 Bc3 25. Rf1 f5 26. Qg5 Qe8 27. g4 Re4 28. gxf5 Rxf4 29. Qxf4 Rxf5 30. Qc1 Ba5
31. Ne5 Qf8 32. Rxf5 Qxf5 33. Qb2 Qe4 34. Qb3+ Kg7 35. Qf7+ Kh6 36. Nf3 Bc3 37. Qf6 Qb1+ 38. Kf2 Qxa2+ 39. Kg3 Qd5 40. Qf8+ Kh5
41. Qe7 Kh6 42. Qe3+ Kg7 43. Qxc3 h6= 44. Qa5
1-0

[Event "Tema Nederland Intern"]
[Site "SchemingMind.com"]
[Date "2005.05.13"]
[Round "-"]
[White "pcmvr"]
[Black "meijster"]
[Result "1/2-1/2"]
[WhiteCountry "NED"]
[BlackCountry "NED"]
[WhiteElo "1936"]
[WhiteRD "83"]
[BlackElo "1836"]
[BlackRD "86"]
[GameID "15324"]

1. b4 e5 2. Bb2 Bxb4 3. f4 Qe7 4. Bxe5 Nf6 5. Bxc7 Nc6 6. c3 Bc5 7. Be5 Nxe5 8. fxe5 Ne4 9. d4 Bb6 10. Nf3 O-O
11. e3 d5 12. Bd3 Bg4 13. O-O Ng5 14. Nbd2 Rac8 15. Rc1 Rc6 16. c4 dxc4 17. Rxc4 Rxc4 18. Bxc4 Rc8 19. Qe2 Ba5 20. Qd3 Nxf3+
21. Nxf3 g6 22. Bb3 Bxf3 23. Rxf3 Rc1+ 24. Rf1 Rxf1+ 25. Qxf1 Kg7 26. g3 Bd2 27. Qf2 Bc3 28. h4 b5 29. Bd5 h5 30. Kh2 Bb4
31. Kg2 a6 32. Bb3 f6 33. e6 Bd6 34. Qf3 a5 35. Qc6 b4 36. Qd5 Bc7 37. Qf3 Bd6 38. d5 Qc7 39. Qe4 Be7 40. Qd4 Bd6
41. Qe4 Kh6 42. Qf3 Qc3 43. Qf2 Qe5 44. Qf4+ Kg7 45. Kh3 g5 46. Qxe5 g4+ 47. Kg2 fxe5 48. Bc2 Kf6=
1/2-1/2

[Event "Tema Nederland Intern"]
[Site "SchemingMind.com"]
[Date "2005.05.13"]
[Round "-"]
[White "pcmvr"]
[Black "Vincefromede"]
[Result "1-0"]
[WhiteCountry "NED"]
[BlackCountry "NED"]
[WhiteElo "1936"]
[WhiteRD "83"]
[BlackElo "1453"]
[BlackRD "121"]
[GameID "15325"]

1. b4 e6 2. Bb2 d5 3. e3 Nf6 4. b5 c5 5. Nf3 a6 6. a4 axb5 7. axb5 Rxa1 8. Bxa1 Qa5 9. Bxf6 gxf6 10. c4 b6
11. cxd5 exd5 12. Be2 Bd7 13. Nc3
1-0

[Event "Tema Nederland Intern"]
[Site "SchemingMind.com"]
[Date "2005.05.13"]
[Round "-"]
[White "pcmvr"]
[Black "Erhaem"]
[Result "1/2-1/2"]
[WhiteCountry "NED"]
[BlackCountry "NED"]
[WhiteElo "1936"]
[WhiteRD "83"]
[BlackElo "1922"]
[BlackRD "85"]
[GameID "15326"]

1. b4 Nf6 2. Bb2 c6 3. c4 d5 4. e3 e6 5. a3 Be7 6. Nf3 O-O 7. Be2 dxc4 8. Bxc4 a5 9. bxa5 Qxa5 10. O-O Nbd7
11. d4 Nb6 12. Bb3 Bd6 13. Nc3 Qh5 14. e4 Bc7 15. Ne5 Rd8 16. Qxh5 Nxh5 17. a4 Nd7 18. Nd3 Nf8 19. Ne2 Nf6 20. f3 Ng6
21. Rfd1 Bb6 22. Nc5 e5 23. Rac1 exd4 24. Bxd4 Ra5 25. Kf1 Bc7 26. Bxf6 gxf6 27. Rxd8+ Bxd8 28. Rd1 Be7 29. Nd7 b5 30. Nb8=
1/2-1/2

[Event "Tema Nederland Intern"]
[Site "SchemingMind.com"]
[Date "2005.05.17"]
[Round "-"]
[White "Flipje"]
[Black "pcmvr"]
[Result "0-1"]
[WhiteCountry "NED"]
[BlackCountry "NED"]
[WhiteElo "1989"]
[WhiteRD "110"]
[BlackElo "1989"]
[BlackRD "81"]
[GameID "15327"]

1. Nc3 d5 2. e4 e6 3. g3 dxe4 4. Nxe4 Bd7 5. Bg2 Bc6 6. f3 Nf6 7. Ne2 Nxe4 8. fxe4 Bd6 9. O-O O-O 10. d4 e5
11. c3 Nd7 12. Qb3 Nb6 13. a4 a5 14. Be3 Qe8 15. dxe5 Qxe5 16. Nd4 Bc5 17. Rf5 Qe7 18. Raf1 Bxa4 19. Qa2 Bd7 20. Kh1 Bxf5
21. Nxf5 Qe5 22. Nh6+ gxh6 23. Bxh6 Qe6 24. Qxe6 fxe6 25. Bxf8 Rxf8 26. Ra1 a4 27. Bh3 e5 28. Bf5 Kg7 29. h4 Rd8 30. Kg2 Rd2+
31. Kh3 Rxb2 32. h5 a3 33. Kg4 Nc4 34. h6+ Kf6 35. Bxh7 Ne3+ 36. Kh3 Kg5 37. Bf5 Rb6 38. g4 Kf4
0-1

[Event "Tema Nederland Intern"]
[Site "SchemingMind.com"]
[Date "2005.05.13"]
[Round "-"]
[White "meijster"]
[Black "pcmvr"]
[Result "0-1"]
[WhiteCountry "NED"]
[BlackCountry "NED"]
[WhiteElo "1836"]
[WhiteRD "86"]
[BlackElo "1936"]
[BlackRD "83"]
[GameID "15328"]

1. e4 e6 2. d4 d5 3. Nd2 c5 4. exd5 Qxd5 5. Ngf3 cxd4 6. Bc4 Qd6 7. O-O Nf6 8. Re1 Be7 9. Ne4 Nxe4 10. Rxe4 Nc6
11. Nxd4 e5 12. Bf4 exf4 13. Nxc6 Qxd1+ 14. Rxd1 bxc6 15. Rde1 Kf8 16. Rxe7 Be6 17. R7xe6 fxe6 18. Rxe6 Re8 19. Rxc6 Re1+ 20. Bf1 Kf7
21. Rc7+ Kg6 22. Rc6+ Kh5 23. f3 Rd8 24. Kf2 Rc1 25. Rc5+ Kh6 26. Rc6+ g6 27. b4 Rd2+ 28. Be2 Rcxc2 29. Rxc2 Rxc2 30. a4 Rb2
31. b5 Ra2 32. a5 Rxa5 33. g3 Kg5 34. h4+ Kf5 35. g4+ Ke5 36. Bc4 Kd4 37. Bg8 h5 38. Bf7 Rxb5 39. Bxg6 Rb2+ 40. Kg1 hxg4
41. fxg4 Ke3 42. Bf7 f3
0-1

[Event "Tema Nederland Intern"]
[Site "SchemingMind.com"]
[Date "2005.05.15"]
[Round "-"]
[White "Vincefromede"]
[Black "pcmvr"]
[Result "0-1"]
[WhiteCountry "NED"]
[BlackCountry "NED"]
[WhiteElo "1453"]
[WhiteRD "121"]
[BlackElo "1936"]
[BlackRD "83"]
[GameID "15329"]

1. e4 e6 2. d4 d5 3. e5 c5 4. c3 Nc6 5. Nf3 Qb6 6. a3 c4 7. Be2 Na5 8. Nbd2 Bd7 9. O-O Ne7 10. Qc2 Ng6
11. Re1 Be7
0-1

[Event "Tema Nederland Intern"]
[Site "SchemingMind.com"]
[Date "2005.05.15"]
[Round "-"]
[White "Erhaem"]
[Black "pcmvr"]
[Result "0-1"]
[WhiteCountry "NED"]
[BlackCountry "NED"]
[WhiteElo "1922"]
[WhiteRD "96"]
[BlackElo "1889"]
[BlackRD "90"]
[GameID "15330"]

1. d4 e6 2. c4 Nf6 3. Qc2 d5 4. c5 b6 5. Nf3 bxc5 6. dxc5 Be7 7. Nbd2 O-O 8. Nb3 a5 9. e3 Ba6 10. Nxa5 Bxf1
11. Nb7 Qc8
0-1

[Event "Tema Nederland Intern"]
[Site "SchemingMind.com"]
[Date "2005.05.29"]
[Round "-"]
[White "pschalkw"]
[Black "Flipje"]
[Result "1/2-1/2"]
[WhiteCountry "NED"]
[BlackCountry "NED"]
[WhiteElo "1685"]
[WhiteRD "88"]
[BlackElo "1901"]
[BlackRD "98"]
[GameID "16616"]

1. d4 Nf6 2. Nf3 g6 3. Nc3 d5 4. g3 Bg7 5. Bg2 O-O 6. O-O c5 7. Rb1 cxd4 8. Nxd4 e5 9. Nb3 d4 10. Ne4 Nxe4
11. Bxe4 f5 12. Bg2 e4 13. e3 Nc6 14. exd4 Nxd4 15. c3 Nc6 16. Bf4 Be6 17. Qc2 Qe7 18. Rbd1 Rfd8 19. Rxd8+ Rxd8 20. Rd1 b6
21. f3 a5 22. fxe4 a4 23. Rxd8+ Qxd8 24. Nd2 b5 25. exf5 Bxf5 26. Qc1 b4 27. cxb4 Qd4+ 28. Kh1 Nxb4 29. Qc7 h5 30. a3 Nd3
31. Qc4+ Kh7 32. Qxd4 Bxd4 33. Bc6 Nxb2 34. Nf3 Bc5 35. Be5 Nc4 36. Bd4 Bxa3 37. Ng5+ Kh6 38. Nf7+ Kh7=
1/2-1/2

[Event "Tema Nederland Intern"]
[Site "SchemingMind.com"]
[Date "2005.05.29"]
[Round "-"]
[White "pschalkw"]
[Black "meijster"]
[Result "0-1"]
[WhiteCountry "NED"]
[BlackCountry "NED"]
[WhiteElo "1700"]
[WhiteRD "81"]
[BlackElo "1794"]
[BlackRD "92"]
[GameID "16617"]

1. b4 e5 2. Bb2 Bxb4 3. Bxe5 Nf6 4. c3 Ba5 5. Nf3 Nc6 6. d4 d6 7. Bxf6 Qxf6 8. e4 Bg4 9. Qd3 Bxf3 10. gxf3 Nxd4
11. Nd2 Nxf3+ 12. Nxf3 Bxc3+
0-1

[Event "Tema Nederland Intern"]
[Site "SchemingMind.com"]
[Date "2005.05.29"]
[Round "-"]
[White "pschalkw"]
[Black "pcmvr"]
[Result "0-1"]
[WhiteCountry "NED"]
[BlackCountry "NED"]
[WhiteElo "1671"]
[WhiteRD "83"]
[BlackElo "1936"]
[BlackRD "83"]
[GameID "16618"]

1. e4 e6 2. Nf3 d5 3. exd5 exd5 4. d4 Nf6 5. Be2 Bd6 6. O-O O-O 7. Bg5 Nbd7 8. c3 Re8 9. Nbd2 Nf8 10. Bd3 Ne6
11. Bxf6 Qxf6 12. Qc2 Nf8 13. Rae1 Be6 14. h4 Ng6 15. Ng5 Bd7 16. f4 Rxe1 17. Rxe1 Bxf4 18. Rf1 Nxh4 19. Nxh7 Be3+ 20. Kh2 Qh6
0-1

[Event "Tema Nederland Intern"]
[Site "SchemingMind.com"]
[Date "2005.05.29"]
[Round "-"]
[White "pschalkw"]
[Black "Erhaem"]
[Result "0-1"]
[WhiteCountry "NED"]
[BlackCountry "NED"]
[WhiteElo "1664"]
[WhiteRD "88"]
[BlackElo "1874"]
[BlackRD "73"]
[GameID "16620"]

1. d4 d5 2. Nf3 Nf6 3. e3 e6 4. Bd3 Bd6 5. O-O Nbd7 6. c3 O-O 7. Nbd2 c5 8. Re1 b6 9. dxc5 Nxc5 10. Bc2 Ba6
11. e4 dxe4 12. Ng5 Nd3 13. Ndxe4 Nxe1 14. Qxe1 g6 15. h3 Bb7 16. Be3 Be7 17. Rd1 Qc7 18. Bd4 e5 19. Nxf6+ Bxf6 20. Be3 Rad8
21. Ne4 Bxe4 22. Bxe4 Qc4 23. Bb1 Qh4 24. b4 Bg5 25. Bxg5 Rxd1 26. Qxd1 Qxg5 27. Qc2 Rd8 28. a4 Qf4 29. g3 Qf3 30. Kh2 Rd1
0-1

[Event "Tema Nederland Intern"]
[Site "SchemingMind.com"]
[Date "2005.05.30"]
[Round "-"]
[White "Flipje"]
[Black "pschalkw"]
[Result "1-0"]
[WhiteCountry "NED"]
[BlackCountry "NED"]
[WhiteElo "1913"]
[WhiteRD "101"]
[BlackElo "1667"]
[BlackRD "90"]
[GameID "16621"]

1. Nc3 Nf6 2. e4 d6 3. d4 e5 4. dxe5 dxe5 5. Qxd8+ Kxd8 6. Bg5 c6 7. O-O-O+ Kc7 8. Bc4 Be6 9. Bxe6 fxe6 10. f3 Bc5
11. Nge2 h6 12. Bd2 Na6 13. a3 b5 14. Na2 Rad8 15. Bc3 Be3+ 16. Kb1 Rxd1+ 17. Rxd1 Nd7 18. Nac1 c5 19. Nd3 Bd4 20. Be1 Rf8
21. Bg3 Kc8 22. c3 Be3 23. Nxe5 Nxe5 24. Bxe5 Rf7 25. Rd6 Nc7 26. Rc6 Kb7 27. Rxc7+ Rxc7 28. Bxc7 Kxc7 29. f4 g5 30. g3 gxf4
31. gxf4 Bf2 32. Kc2 Bh4 33. Kd3 Bf6 34. e5 Be7 35. Ke4 a5 36. b3 b4 37. cxb4 cxb4 38. a4 Kc6 39. Nd4+ Kd7 40. f5 exf5+
41. Nxf5 Bf8 42. Kd5
1-0

[Event "Tema Nederland Intern"]
[Site "SchemingMind.com"]
[Date "2005.05.29"]
[Round "-"]
[White "meijster"]
[Black "pschalkw"]
[Result "1-0"]
[WhiteCountry "NED"]
[BlackCountry "NED"]
[WhiteElo "1836"]
[WhiteRD "86"]
[BlackElo "1671"]
[BlackRD "83"]
[GameID "16622"]

1. e4 c5 2. Nf3 Nf6 3. d3 Nc6 4. g3 d5 5. exd5 Nxd5 6. Bg2 Bg4 7. Nc3 Nxc3 8. bxc3 Ne5 9. O-O e6 10. Rb1 b6
11. Bf4 Nxf3+ 12. Bxf3 Bxf3 13. Qxf3 Be7 14. Qc6+ Kf8 15. Rfe1 Qc8 16. Qf3 Bd8 17. d4 c4 18. d5 Qb7 19. Bd6+ Kg8 20. Rxe6 Bg5
21. Re2 Rd8 22. Rbe1 Qd7 23. Be7 Bxe7 24. Rxe7
1-0

[Event "Tema Nederland Intern"]
[Site "SchemingMind.com"]
[Date "2005.05.29"]
[Round "-"]
[White "pcmvr"]
[Black "pschalkw"]
[Result "1-0"]
[WhiteCountry "NED"]
[BlackCountry "NED"]
[WhiteElo "1936"]
[WhiteRD "83"]
[BlackElo "1671"]
[BlackRD "83"]
[GameID "16623"]

1. b4 d5 2. Bb2 Qd6 3. a3 e5 4. Nf3 e4 5. Nd4 c6 6. e3 Nf6 7. Be2 Be7 8. O-O O-O 9. f4 Be6 10. d3 Nbd7
11. f5 c5 12. bxc5 Nxc5 13. fxe6
1-0

[Event "Tema Nederland Intern"]
[Site "SchemingMind.com"]
[Date "2005.05.29"]
[Round "-"]
[White "Erhaem"]
[Black "pschalkw"]
[Result "1-0"]
[WhiteCountry "NED"]
[BlackCountry "NED"]
[WhiteElo "1912"]
[WhiteRD "72"]
[BlackElo "1685"]
[BlackRD "88"]
[GameID "16625"]

1. d4 d5 2. Nf3 Nf6 3. Bg5 h6 4. Bxf6 exf6 5. e3 Bg4 6. Be2 c6 7. O-O Nd7 8. Nfd2 Bxe2 9. Qxe2 Bd6 10. c4 dxc4
11. Nxc4 Bc7 12. Rd1 O-O 13. d5 cxd5 14. Rxd5 Qe7 15. Nc3 Rfd8 16. Rad1 Ne5 17. Na3 a6 18. Rxd8+ Rxd8 19. Nd5 Qc5 20. b4 Qd6
21. f4 Nc6 22. Nc2 Ne7 23. Nc3 Qc6 24. Rxd8+ Bxd8 25. Qd3 Bb6 26. a3 Qc7 27. Na4 Ba7 28. Nc3 g6 29. b5 Nf5 30. bxa6 bxa6
31. Nd5 Qc5 32. g4 Ne7 33. Nxf6+ Kg7 34. Nd7 Qc7 35. f5 gxf5 36. gxf5 f6 37. Nd4 Qc1+ 38. Kf2 Qb2+ 39. Ne2 Bb8 40. Qxa6 Bxh2
41. Qc4 Qxa3 42. Qg4+ Kh8 43. Qh3 Qd6 44. Qxh6+ Kg8 45. Qf8+ Kh7 46. Nxf6+
1-0